| 000 | 00768nac a22002051u 4500 | ||
|---|---|---|---|
| 010 | _a 77880822 | ||
| 082 | 0 | 0 |
_a621.3841 _bZ615 |
| 090 |
_c3420 _d3420 |
||
| 100 | _aZherebtï¸ s︡ov, Ivanvich. | ||
| 245 | 1 | 0 |
_aFundamentals of radio _c[by] I. Zherebtsov. |
| 250 |
_a[2d ed.] _bTranslated from the Russian by V. Valessyuk and V. Povzner. |
||
| 260 |
_aMoscow, _bMir Publishers, _c1969. |
||
| 300 |
_a821 p. _billus. _c23 cm. |
||
| 500 | _aTranslation of Radiotekhnika. | ||
| 500 | _aDonations. | ||
| 500 | _aDonations - Bibliotheca Alexandrina. | ||
| 650 | 0 | _aRadio. | |
| 942 |
_cBB _k621.3841Z615 |
||
| 999 |
_c3420 _d3420 |
||